Datum a čas kvízu
34.5
Celkem bodů
Celkový počet nahraných bodů na tomto kvízu bez doplňovacích otázek.
3.
Pořadí na kvízu
Konečné umístění týmu na tomto kvízu.
Zaznamenané odpovědi
| # | Otázka | Odpověď | Body | Výsledky |
|---|---|---|---|---|
| 1. | Pražští zastupitelé schválili... | luskoun | 1 | |
| 2. | Jistá evropská země má od minu... | o Finsku | 1 | |
| 3. | Nejvíce nominací na Zlaté glób... | Scarlett Johanssonová, Adam Driver | 0.5 | |
| 4. | Společnost Walmart se omluvila... | propagace užívání drog | 1 | |
| 5. | Slavia Praha se rozloučila s L... | Tomáš Souček | 0 | |
| 6. | Podíváme se na hlášky z různýc... | přilepšit si | 1 | |
| 7. | "Šaty s ___ ___ vyšívané, ale... | vlečkou stříbrem | 1 | |
| 8. | Ty knedlíky připomínají vajíčk... | mořské želvy | 1 | |
| 9. | „Prase počká. Ty jsi přednější... | Pandrholo | 0 | |
| 10. | "Žvejka to je hrozný hnus, žve... | Willy Wonka | 0 |